| 000 | 01504nam a22002537a 4500 | ||
|---|---|---|---|
| 942 | _cBK | ||
| 999 |
_c724 _d724 |
||
| 005 | 20250420134822.0 | ||
| 008 | 211111b ||||| |||| 00| 0 eng d | ||
| 020 | _a9781838822842 | ||
| 040 | _cKCST | ||
| 082 |
_a004.167 _bAl Ma |
||
| 100 |
_aAlebicto, Mario Eguiluz _95438 |
||
| 245 |
_aMastering IOS 14 Programming : _bbuild professional-grade iOS 14 applications with swift 5.3 and Xcode 12.4 / _cMario Eguiluz Alebicto; Chris Barker; Donny Wals |
||
| 250 | _a4 | ||
| 260 |
_aBirmingham : _bPackt Publishing Limited; _c2021. |
||
| 300 | _a537 p. | ||
| 505 | _aWhat's new in iOS 14 -- Working with Dark Mode -- Using Lists and Tables -- Creating a Detail Page -- Immersing Your Users with Animation -- Understanding the Swift Type System -- Flexible Code with Protocols, Generics, and Extensions -- Adding Core Data to Your App -- Fetching and Displaying Data from the Network -- Making Smarter Apps with CoreML -- Adding Media to Your App -- Improving Apps with Location Services -- Working with the Combine Framework -- Creating an App Clip for Your App -- Recognition with Vision Framework -- Creating Your First Widget -- Using Augmented Reality -- Creating a MacOS app with Catalyst -- Ensuring App Quality with Tests -- Submitting Your App to the App Store. | ||
| 650 |
_aiOS (Electronic resource) _95439 |
||
| 650 |
_aiPhone OS. _95440 |
||
| 650 |
_aOperating systems (Computers) _9707 |
||
| 700 |
_aBarker, Chris _95441 |
||
| 700 |
_aWals, Donny _95442 |
||
| 942 | _2ddc | ||